000
00321nam a2200157Ia 4500
100
_a
McEwen Adrian/ Hakim/Cassimally
650
_a
IOT
942
_c
RB
366
_f
20
654
_a
IOT
245
_a
Designing the internet of things
260
_b
Wiley
_c
2014
082
_b
MCE
546
_a
ENGLISH
999
_c
24216
_d
24216